000 01036nam a2200289Ia 4500
003 OSt
005 20220930072640.0
006 a|||||r|||| 00| 0
007 ta
008 220926b |||||||| |||| 00| 0 eng d
024 _a24713
037 _cTheses
040 _aCRL
_cCRL
_beng
041 _2eng
_aeng
100 _aPanwar Sangeeta
_9530216
110 _aUniversity of Delhi. Faculty of Medical Sciences. Department of Anaesthesiology
_9519568
245 0 _aPreloading during spinal anaesthesia for caesarean section
_b Comparison between polygelatin and hexaethyl starch
260 _c1998
300 _a117p.
_ap.
_ccm.
650 _a MEDICINE
650 _aANESTHETICS
_9519569
700 _a Dr Baljit Singh Co-Supervisor
_9530217
700 _a Dr Homay Vajifdar Supervisor
_9527116
700 _aUniversity of Delhi. Faculty of Medical Sciences. Department of Anaesthesiology
_9519571
942 _cDIS
_2CC
999 _c864157
_d864157